LEADER 00985nam a2200253 a 4500 001 000000092528 003 CaOOAMICUS 005 20150623121316.0 008 060623s2006 it u000 u ita r 035 $a11093660 040 $aPUL$bita 100 1 $aLevi, Mario Attilio,$d1902-$0(OLS)http://pul/name/3272 245 10$aNerone /$cMario Attilio Levi. 260 $aTorino :$bRCS,$cc2006. 300 $a295 ;$c22 cm 490 1 $aProtagonisti della storia ;$v26 504 $aBibliografia: [282]-286. 600 14$aNero, Claudius Caesar,$cimperatore romano,$d37-68$xBiografia.$0(OLS)http://pul/subject/29872 830 0$aProtagonisti della storia ;$v26.$0(OLS)http://pul/title/119395 850 $aPUL 852 $aPUL$W1$xDP2 Filosofia 3$y112$m920 COLL 1.26$j116372$nBK-PRI$qDDC 21$B116372$CPULBib$Z2$F116372 $HPUL101742 $82 941 1 $a9 996 $6245$aNerone$9(OLS)http://pul/title/74610 996 $6260$aTorino :$bRCS$9(OLS)http://pul/publisher/79105 LEADER 01435nam a2200313 u 4500 001 000000078983 003 CaOOAMICUS 005 20071003131140.0 008 040519s1995 it u000 u ita u 020 $a8870942066 035 $a10996032 040 $aPUL$bita 100 1 $aSpiazzi, Raimondo,$cO.P.,$d1918-2002.$0(OLS)http://pul/name/530 245 10$aDalle nazioni alle religioni :$bsolidarietà e sussidiarietà per la nuova Europa : argomenti e documenti /$cRaimondo Spiazzi, Paolo Magagnotti. 260 $aBologna :$bEdizioni Studio Domenicano,$cc1995. 300 $a378 p. ;$c21 cm 490 1 $aCollana "Civis" ;$v12 500 $aContiene indice. 504 $aComprende bibliografia. 650 4$aFederalismo.$0(OLS)http://pul/subject/14850 651 4$aEuropa$xCiviltà.$0(OLS)http://pul/subject/4917 700 1 $aMagagnotti, Paolo.$0(OLS)http://pul/name/52634 830 0$aCollana "Civis" ;$v12.$0(OLS)http://pul/title/39786 850 $aPUL 852 $aPUL$W1$xSL Religione 1$y3$m62 C 77$j101179$nBK-PRI$b $qStampati$B101179$CPULBib$Z2$F101179 $HPUL87298 $81 941 1 $a8 996 $6020$a8870942066$9(OLS)http://pul/number/103614 996 $6245$aDalle nazioni alle religioni :$bsolidarietà e sussidiarietà per la nuova Europa : argomenti e documenti$9(OLS)http://pul/title/103381 996 $6260$aBologna :$bEdizioni Studio Domenicano$9(OLS)http://pul/publisher/49136